000 00659nam a22002177a 4500
999 _c8145
_d8145
003 AR-CdUCM
008 190322b ||||| |||| 00| 0 spa d
040 _aMUNICIPALIDAD PROVINCIAL DEL CUSCO
_cBIBLIOTECA MUNICIPAL DEL CUSCO
041 _hita
082 _a636.084 /
_bP53
100 _aPiccioni, Marcello
_922988
245 _aDiccionario de alimentación animal /
260 _aZaragoza :
_bAcribia,
_c1970.
300 _a819 páginas ;
_c25 cm.
505 _aDiccionario de alimentación.
650 _aAlimentación del ganado
_922989
650 _aDiccionario
_95196
700 _aMoll, Horacio Marco
_922990
942 _2ddc
_cLIBROS
945 _aacv